Billboard Greatest of All Time Hot 100 Women Artists - Statistics

General Stats
  • This quiz has been taken 86 times
  • The average score is 27 of 50
Answer Stats
# Artist Song % Correct
2 Mariah Carey All I Want For Christmas Is You
98%
34 Britney Spears ...Baby One More Time
91%
4 Whitney Houston I Will Always Love You
91%
38 Adele Rolling in the Deep
89%
37 Christina Aguilera Genie in a Bottle
81%
9 Katy Perry Dark Horse
81%
1 Madonna Take A Bow
81%
18 Cher Believe
79%
49 Ke$ha TiK ToK
79%
10 Taylor Swift Cruel Summer
78%
5 Rihanna We Found Love
76%
15 Beyonce Irreplaceable
74%
41 Cyndi Lauper Time After Time
74%
22 Lady Gaga Just Dance
74%
46 Tina Turner What's Love Got To Do With It
74%
7 Olivia Newton-John Physical
73%
23 TLC Waterfalls
68%
30 Destiny's Child Say My Name
65%
11 Diana Ross Upside Down
65%
12 Donna Summer Hot Stuff
65%
50 Carly Simon You're So Vain
63%
28 Kelly Clarkson Stronger (What Doesn't Kill You)
61%
8 Aretha Franklin I Knew You Were Waiting (For Me)
59%
31 Celine Dion Because You Loved Me
54%
19 P!nk Just Give Me a Reason
54%
27 Alicia Keys No One
51%
16 Brenda Lee Rockin' Around the Christmas Tree
50%
35 Toni Braxton Un-Break My Heart
49%
24 Dionne Warwick That's What Friends Are For
48%
45 Mary J. Blige Family Affair
48%
26 Paula Abdul Straight Up
45%
44 Nicki Minaj Super Freaky Girl
43%
42 Roberta Flack The First Time Ever I Saw Your Face
43%
3 Janet Jackson Together Again
41%
21 Gladys Knight & The Pips Midnight Train To Georgia
40%
17 Barbra Streisand Evergreen
38%
48 Sheena Easton Morning Train (Nine To Five)
36%
36 Jennifer Lopez I'm Real
35%
25 Heart Alone
34%
13 Carpenters Top of the World
33%
29 Linda Ronstadt You're No Good
33%
32 The Pointer Sisters Jump (for My Love)
33%
33 Captain & Tennille Do That To Me One More Time
29%
6 The Supremes Someday We'll Be Together
29%
40 Helen Reddy I Am Woman
26%
20 Gloria Estefan Anything for You
21%
39 Monica Angel of Mine
20%
47 Debbie Gibson Foolish Beat
15%
43 Taylor Dayne Love Will Lead You Back
15%
14 Connie Francis Everybody's Somebody's Fool
11%
No matching quizzes found
Score Distribution
Percent of People with Each Score
Percentile by Number Answered
Your Score History
You have not taken this quiz